000 00362 a2200133 4500
005 20250629133739.0
020 _a978-1-107-10968-1
082 _a370 GAI
100 _aGAINES,S.O.
245 _aPersonality and Close Relationship Processes
260 _aLondon
_bCambridge University Press
_c2016
300 _axvi,242p.;ill,Figure
_bIndex
_c24cm.
942 _2ddc
_cBKS
999 _c6366
_d6366